Baby, you can ('t) drive my car: el caso de Uber en México = Baby you can ('t) drive my car. The case of Über in Mexico /

Збережено в:
Бібліографічні деталі
Автор: Avalos, Marcos
Інші автори: Sofía, Paula
Формат: Текст
Теги: Додати тег
Немає тегів, Будьте першим, хто поставить тег для цього запису!

MARC

LEADER 00000 a a2200000 04500
001 48827
003
040
100 |a Avalos, Marcos  
245 |a Baby, you can ('t) drive my car: el caso de Uber en México =   |b Baby you can ('t) drive my car. The case of Über in Mexico /  |c Marcos Avalos, Paula Sofía  
700 |a Sofía, Paula  
773 |g volumen1, número390, (2015), páginas 104-112  
999 |c 33060  |d 33060